000 00742na a2200241 4500
001 15042
003 MIRAKIL
005 20181213154825.0
008 161025b tu 000 0
035 _a15042
040 _aMilas
_btur
_cTR-AnCHP
041 _atur
082 _a923.43 Velidedeoğlu,H.V. 1985
_bH84
090 _a923.43 Velidedeoğlu,H.V. H94 1985
245 _aHukuk devleti ve Velidedeoğlu
_cTürk Hukuk Kurumu
260 _aİstanbul
_bÇağdaş yayınları
_c1985
300 _a156 s.
_c19 sm.
490 _aÇağdaş yayınları
_v38
600 _aVelidedeoğlu, Hıfzı Veldet
_d1904 - 1992
_xArmağan kitaplar
650 _aHukukçular
_zTürkiye
650 _aHukuk
_yArmağan kitaplar
_zTürkiye
942 _2ddc
_cBKS
999 _c1517
_d1517